First Names - Statistics

General Stats
  • This quiz has been taken 142 times
  • The average score is 12 of 14
Answer Stats
First name Last names % Correct
Kim Cattrall, Kardashian, Basinger
98%
Donald Rumsfeld, Trump, Sutherland
97%
Charlie Sheen, Chaplin, Brown
93%
Daniel Radcliffe, Craig, Defoe
92%
Kevin Kline, Hart, Costner
89%
Christopher Walken, Columbus, Reeve
87%
Monica Seles, Bellucci, Lewinsky
84%
Audrey Hepburn, Tautou
83%
Shirley MacLaine, Temple, Bassey
82%
Martin Sheen, Lawrence, Scorsese
81%
Joan Rivers, Crawford, Jett
80%
Barry Manilow, White, Bonds
73%
Betty White, Ford, Boop
72%
Barbara Walters, Bush, Stanwyck
63%
No matching quizzes found
Score Distribution
Percent of People with Each Score
Percentile by Number Answered
Your Score History
You have not taken this quiz